[Event "Challenge"]
[Site "http://www.queenalice.com/game.php?id=4934"]
[Date "2005.2.6"]
[Round "-"]
[White "jimwilson"]
[Black "azaris"]
[Result "1-0"]
[WhiteElo "1634"]
[BlackElo "1613"]

1. d4 Nf6 2. c4 e6 3. Nc3 Bb4 4. e3 O-O 5. Bd3 d5 6. Nf3 b6 7. O-O Bb7 8. a3 Bd6
9. b4 dxc4 10. Bxc4 Nbd7 11. Re1 a5 12. bxa5 Rxa5 13. e4 e5 14. d5 c6 15. Bg5 c5
16. Nb5 Qe7 17. Bd2 Raa8 18. Nh4 g6 19. Qf3 Ne8 20. Qg3 Kh8 21. Bg5 f6 22. Bh6
Rg8 23. Rad1 Ba6 24. a4 Bxb5 25. Bxb5 Nc7 26. Bc6 Rac8 27. Qd3 Rb8 28. Rb1 f5
29. Qh3 1-0

[Event "relax"]
[Site "http://www.queenalice.com/game.php?id=8247"]
[Date "2005.3.30"]
[Round "-"]
[White "fmucillo"]
[Black "azaris"]
[Result "0-1"]
[WhiteElo "1543"]
[BlackElo "1652"]

1. e4 c5 2. Bc4 Nc6 3. Nc3 e6 4. a3 Nf6 5. Nf3 d5 6. e5 dxc4 7. exf6 Qxf6 8. O-O
a6 9. Ne4 Qd8 10. b3 cxb3 11. cxb3 Be7 12. Qc2 Qd5 13. Re1 O-O 14. Bb2 f6 15. g4
e5 16. g5 Nd4 17. Bxd4 cxd4 18. Qc7 Bd8 19. Qd6 Qxd6 20. Nxd6 Be7 21. Nc4 b5 22.
Nb6 Rb8 23. Nd5 Bd6 24. Nb4 Bb7 25. Nh4 fxg5 26. Nf5 Rxf5 27. Nd3 e4 28. Nb2
Rbf8 29. d3 Rxf2 30. dxe4 Bxh2+ 31. Kh1 Rxb2 32. Rad1 Bg3 33. Rb1 Rxb1 34. Rxb1
Bxe4+ 35. Kg1 Bxb1 36. Kg2 Bh4 37. a4 d3 38. axb5 d2 39. bxa6 d1=Q 40. a7 Qe2+
41. Kh3 Bf5# 0-1

[Event "Challenge"]
[Site "http://www.queenalice.com/game.php?id=10271"]
[Date "2005.4.19"]
[Round "-"]
[White "azaris"]
[Black "THAILANDMASTER"]
[Result "0-1"]
[WhiteElo "1626"]
[BlackElo "1957"]

1. d4 Nf6 2. Bg5 Ne4 3. Bf4 c5 4. f3 Qa5+ 5. c3 Nf6 6. Nd2 cxd4 7. Nb3 Qb6 8.
Qxd4 Qxd4 9. cxd4 d5 10. Rc1 Nc6 11. e3 Nh5 12. Bg5 f6 13. Bh4 e5 14. Bb5 Bd7
15. g4 g5 16. Bf2 Ng7 17. Nc5 Bxc5 18. dxc5 Nb4 19. Bxd7+ Kxd7 20. Rd1 Rac8 21.
a3 Nc2+ 22. Kd2 Rxc5 23. Rc1 Rhc8 24. Ne2 b5 25. h4 Ne6 26. hxg5 Nxg5 27. Ng1
Nd4 28. Rxc5 Nb3+ 29. Kc2 Nxc5 30. Bh4 Nf7 0-1

[Event "Challenge"]
[Site "http://www.queenalice.com/game.php?id=21190"]
[Date "2005.7.24"]
[Round "-"]
[White "tpstar"]
[Black "azaris"]
[Result "0-1"]
[WhiteElo "1836"]
[BlackElo "1622"]

1. e4 c5 2. Nf3 Nc6 3. d4 cxd4 4. Nxd4 Nf6 5. Nc3 e5 6. Ndb5 d6 7. Bg5 a6 8. Na3
b5 9. Nd5 Qa5+ 10. Bd2 Qd8 11. Nxf6+ Qxf6 12. c4 Qg6 13. f3 Be7 14. cxb5 Bh4+
15. g3 Bxg3+ 16. hxg3 Qxg3+ 17. Ke2 Nd4+ 18. Ke3 f5 19. Be2 fxe4 20. Kxe4 Bb7+
21. Kd3 Nxe2 22. Qxe2 Bxf3 23. Qe3 Qg6+ 24. Kc3 Rc8+ 25. Kb3 Qe6+ 26. Kb4 Bxh1
27. Rxh1 Qg4+ 28. Kb3 axb5 29. Qh3 Qa4# 0-1

[Event "AUTO-MASTER-25"]
[Site "http://www.queenalice.com/game.php?id=23307"]
[Date "2005.8.9"]
[Round "1"]
[White "Nemesis"]
[Black "azaris"]
[Result "1-0"]
[WhiteElo "2170"]
[BlackElo "1723"]

1. e4 c5 2. Nf3 Nc6 3. Nc3 Nf6 4. h3 d6 5. g3 g6 6. Bg2 Bg7 7. O-O O-O 8. d3 Bd7
9. Be3 e5 10. Nd2 Nd4 11. a4 Rb8 12. Nc4 Bc6 13. Nd5 Ne8 14. c3 Ne6 15. f4 exf4
16. Nxf4 Nxf4 17. Bxf4 Rc8 18. a5 d5 19. exd5 Bxd5 20. Bxd5 Qxd5 21. Qf3 Qxf3
22. Rxf3 Rd8 23. a6 b6 24. Re1 f6 25. Re7 Rf7 26. Rfe3 Rxe7 27. Rxe7 Ra8 28. Rb7
1-0

[Event "AUTO-MASTER-25"]
[Site "http://www.queenalice.com/game.php?id=23308"]
[Date "2005.8.9"]
[Round "1"]
[White "azaris"]
[Black "Nemesis"]
[Result "0-1"]
[WhiteElo "1725"]
[BlackElo "2167"]

1. e4 c5 2. Nf3 d6 3. d4 cxd4 4. Nxd4 Nf6 5. Nc3 a6 6. f3 b5 7. a4 b4 8. Nd5
Nxd5 9. exd5 Bb7 10. Bc4 Qa5 11. Ne2 Nd7 12. Be3 Nf6 13. Nf4 g5 14. Nh3 Nxd5 15.
Bxd5 Qxd5 16. Qxd5 Bxd5 17. Bxg5 Rc8 18. Rc1 Bg7 19. c3 bxc3 20. bxc3 Rc4 21.
O-O Kd7 22. Nf4 Bc6 23. Ne2 Bxa4 24. Bd2 a5 25. Ra1 Ra8 26. Rfc1 Bc6 27. Kf2 a4
0-1

[Event "AUTO-MASTER-25"]
[Site "http://www.queenalice.com/game.php?id=23323"]
[Date "2005.8.9"]
[Round "1"]
[White "azaris"]
[Black "hiu_abu_abu"]
[Result "1-0"]
[WhiteElo "1706"]
[BlackElo "1837"]

1. Nf3 d5 2. c4 d4 3. g3 c5 4. Bg2 Nc6 5. O-O e5 6. d3 Bd6 7. e3 Bg4 8. h3 Bh5
9. Qa4 Ne7 10. exd4 exd4 11. Nbd2 O-O 12. Ne4 Bg6 13. Nxd6 Qxd6 14. Bf4 Qd8 15.
Rfd1 Nb4 16. Ne1 Nec6 17. a3 Nxd3 18. Nxd3 Qb6 19. Qb5 Bxd3 20. Qxb6 axb6 21.
Rxd3 Na5 22. b3 Rac8 23. Re1 Nc6 24. Kf1 h6 25. h4 Ra8 26. Bxc6 bxc6 27. a4 Rfc8
28. Re7 Ra5 29. Rb7 b5 30. axb5 cxb5 31. Rxb5 Ra6 32. b4 cxb4 33. Rxb4 Rd8 34.
c5 Rc6 35. Bd6 Rdxd6 36. cxd6 Rxd6 37. Rdxd4 Re6 38. Rb8+ Kh7 39. h5 g5 40.
hxg6+ Kxg6 41. Rg4+ Kf6 42. Rf4+ Kg7 43. Rb7 1-0

[Event "AUTO-MASTER-25"]
[Site "http://www.queenalice.com/game.php?id=23324"]
[Date "2005.8.9"]
[Round "1"]
[White "hiu_abu_abu"]
[Black "azaris"]
[Result "0-1"]
[WhiteElo "1844"]
[BlackElo "1665"]

1. d4 Nf6 2. c4 e6 3. a3 d5 4. Nc3 c6 5. c5 Nbd7 6. Bg5 Be7 7. Bxf6 Bxf6 8. e3
O-O 9. Nf3 e5 10. b4 e4 11. Nd2 Be7 12. Be2 f5 13. O-O Nf6 14. f3 Be6 15. fxe4
fxe4 16. b5 Qd7 17. bxc6 bxc6 18. Nb3 Ng4 19. Bxg4 Rxf1+ 20. Qxf1 Bxg4 21. Nc1
Rf8 22. Qe1 Bg5 23. Qg3 h5 24. h3 h4 25. Qxg4 Bxe3+ 26. Kh2 Qc7+ 27. g3 Rf2+ 28.
Kh1 Qxg3 29. Qxg3 hxg3 30. Kg1 Rh2+ 0-1

[Event "AUTO-MASTER-25"]
[Site "http://www.queenalice.com/game.php?id=23325"]
[Date "2005.8.9"]
[Round "1"]
[White "azaris"]
[Black "joaoreis001"]
[Result "1-0"]
[WhiteElo "1690"]
[BlackElo "1667"]

1. e4 e5 2. Nf3 Nc6 3. Bb5 d6 4. d4 Bg4 5. dxe5 a6 6. Bxc6+ bxc6 7. exd6 Bxd6 8.
O-O h6 9. Nc3 Nf6 10. e5 Bxf3 11. Qxf3 Bxe5 12. Rd1 Qc8 13. Qxc6+ Ke7 14. Nd5+
Kf8 15. Nxf6 Bxf6 16. Bf4 Bd8 17. Rd7 Ra7 18. Rxd8+ Qxd8 19. Qc5+ Kg8 20. Qxa7
c6 21. Qb8 Kh7 22. Qxd8 Rxd8 23. Kf1 g5 24. Be3 f5 25. g3 Kg6 26. Ke2 Re8 27.
Kd3 Kh5 28. h3 Rd8+ 29. Kc4 Rb8 30. b3 Rf8 31. Rd1 f4 32. gxf4 gxf4 33. Bc5 Re8
34. Rd6 Re2 35. Kd3 Re5 36. Rxc6 f3 37. Be3 Kh4 38. Rxh6+ Rh5 39. Rxh5+ Kxh5 40.
c4 Kg6 41. h4 Kh5 42. c5 Kxh4 43. c6 Kg4 44. c7 a5 45. c8=Q+ Kh5 46. Qf5+ Kh4
47. Qg5+ Kh3 48. Qg3# 1-0

[Event "AUTO-MASTER-25"]
[Site "http://www.queenalice.com/game.php?id=23326"]
[Date "2005.8.9"]
[Round "1"]
[White "joaoreis001"]
[Black "azaris"]
[Result "0-1"]
[WhiteElo "1632"]
[BlackElo "1721"]

1. e4 c5 2. Bc4 e6 3. Nf3 Nc6 4. Nc3 Nf6 5. O-O d5 6. exd5 exd5 7. Re1+ Be7 8.
Bb5 O-O 9. b3 a6 10. Bd3 Bd6 11. h3 Bd7 12. Bb2 h6 13. Ne2 Nb4 14. a4 Nxd3 15.
cxd3 d4 16. Ng3 Bxg3 17. fxg3 Re8 18. Ne5 Qc7 19. Nxd7 Qxd7 20. Qf3 a5 21. Ba3
b6 22. Rac1 Qd5 23. Rxe8+ Rxe8 24. Qf4 Qxb3 25. Ra1 Qxa4 26. Qf1 Qc6 27. Qf3
Qxf3 28. gxf3 Nd5 29. f4 Re2 30. Rd1 f6 31. Kf1 Re8 32. Rb1 Kf7 33. f5 Re5 34.
g4 Ke8 35. Kf2 Kd7 36. Kg3 Kc6 37. Kh4 b5 38. Kh5 Ne7 39. Rc1 b4 40. Bb2 Kb5 41.
h4 a4 42. Ra1 a3 43. Bxa3 bxa3 44. Rxa3 g6+ 45. Kxh6 gxf5 46. Rb3+ Ka4 47. Rb6
fxg4 48. Rxf6 Ng8+ 49. Kg6 Nxf6 50. Kxf6 Rh5 51. Kg6 Rxh4 52. Kg5 Rh2 53. Kxg4
Rxd2 54. Kf4 Rxd3 55. Ke4 Rh3 56. Kd5 d3 57. Kxc5 d2 58. Kd4 d1=Q+ 59. Ke4 Qg4+
60. Ke5 Rh5+ 61. Kd6 Qg6+ 62. Ke7 Rh7+ 63. Kf8 Qf7# 0-1

[Event "QA-ANNIV-01"]
[Site "http://www.queenalice.com/game.php?id=29015"]
[Date "2005.9.16"]
[Round "2"]
[White "nightsend"]
[Black "azaris"]
[Result "1-0"]
[WhiteElo "2155"]
[BlackElo "1727"]

1. e4 c5 2. Nf3 Nc6 3. Bb5 d6 4. O-O Bd7 5. Re1 Nf6 6. c3 a6 7. Ba4 c4 8. Qe2
Rc8 9. Bc2 e5 10. b3 cxb3 11. Bxb3 Be7 12. d4 O-O 13. Nbd2 Na5 14. c4 Bg4 15.
Bb2 exd4 16. Bxd4 Nc6 17. Bb2 Ne5 18. Rac1 Nfd7 19. Qe3 Nxf3+ 20. Nxf3 Be6 21.
Nd4 Nc5 22. Qg3 Bf6 23. Rcd1 Nxb3 24. axb3 Bxc4 25. bxc4 Rxc4 26. Re2 Qb6 27.
Red2 Rfc8 28. Nf5 Bxb2 29. Ne7+ Kf8 30. Nxc8 Rxc8 31. Rxb2 1-0

[Event "Challenge"]
[Site "http://www.queenalice.com/game.php?id=47545"]
[Date "2006.1.11"]
[Round "-"]
[White "hd"]
[Black "azaris"]
[Result "0-1"]
[WhiteElo "1915"]
[BlackElo "1733"]

1. e4 e5 2. Nf3 Nc6 3. Bc4 Nf6 4. d4 exd4 5. O-O Bc5 6. e5 d5 7. exf6 dxc4 8.
Re1+ Be6 9. Ng5 Qd5 10. Nc3 Qf5 11. Nce4 Bb6 12. fxg7 Rg8 13. g4 Qg6 14. Nxe6
fxe6 15. Bg5 Rxg7 16. Qf3 Kd7 17. Nf6+ Kc8 18. h4 Nd8 19. Re4 Rf7 20. Qf4 h6 21.
Rae1 hxg5 22. hxg5 Bc5 23. Qd2 a5 24. Qe2 d3 25. cxd3 cxd3 26. Qxd3 Qxg5 0-1

[Event "Challenge"]
[Site "http://www.queenalice.com/game.php?id=50010"]
[Date "2006.1.29"]
[Round "-"]
[White "vincentlennon"]
[Black "azaris"]
[Result "1-0"]
[WhiteElo "1789"]
[BlackElo "1756"]

1. e4 c5 2. Nf3 Nc6 3. d4 cxd4 4. Nxd4 Nf6 5. Nc3 e5 6. Ndb5 d6 7. Nd5 Nxd5 8.
exd5 Nb8 9. Be3 a6 10. Nc3 Be7 11. Bd3 O-O 12. Qd2 f5 13. f4 Bf6 14. O-O g6 15.
Na4 Nd7 16. c4 e4 17. Be2 b5 18. Nc3 bxc4 19. Bxc4 Bb7 20. Rac1 Rc8 21. b3 Nb6
22. Rfe1 Nxc4 23. bxc4 Rxc4 24. Ne2 Qc8 25. Bd4 Bxd4+ 26. Nxd4 Qc5 27. Rxc4 Qxc4
28. Ne6 Rc8 29. Rd1 h6 30. Qb2 Rc7 31. Nxc7 Qxc7 32. Rc1 Qe7 33. Qb6 1-0

[Event "QA-ANNIV-01"]
[Site "http://www.queenalice.com/game.php?id=90918"]
[Date "2006.7.31"]
[Round "4"]
[White "arliones"]
[Black "azaris"]
[Result "0-1"]
[WhiteElo "1475"]
[BlackElo "1754"]

1. e4 e5 2. Nf3 Nc6 3. c3 d5 4. exd5 Qxd5 5. d4 Bg4 6. Be2 O-O-O 7. O-O exd4 8.
Nxd4 Bxe2 9. Qxe2 Nxd4 10. cxd4 Qxd4 11. Nc3 a6 12. Be3 Qe5 13. Rad1 Rxd1 14.
Rxd1 Nf6 15. h3 Bd6 16. f4 Qe6 17. g4 Re8 18. Re1 Nd5 19. Nxd5 Qxd5 20. Rd1 Rxe3
21. Rxd5 Rxe2 22. f5 b6 23. Kf1 Rxb2 24. Rd3 Rxa2 25. Rg3 Bxg3 0-1

[Event "Challenge"]
[Site "http://www.queenalice.com/game.php?id=92361"]
[Date "2006.8.3"]
[Round "-"]
[White "azaris"]
[Black "Homedepotov"]
[Result "1/2-1/2"]
[WhiteElo "1759"]
[BlackElo "1771"]

1. d4 Nf6 2. c4 e5 3. dxe5 Ng4 4. Bf4 Nc6 5. Nf3 Bb4+ 6. Nbd2 Qe7 7. e3 Ngxe5 8.
Nxe5 Nxe5 9. a3 Bxd2+ 10. Qxd2 d6 11. Be2 O-O 12. O-O b6 13. Qc3 Bb7 14. c5 bxc5
15. Bxe5 Qxe5 16. Qxe5 dxe5 17. Rac1 c4 18. Bxc4 c5 19. Rfd1 Rfd8 20. Kf1 Kf8
21. Be2 Rxd1+ 22. Rxd1 Ke7 23. g3 Rd8 24. Ke1 Rxd1+ 25. Kxd1 Kd6 26. Kd2 e4 27.
Kc3 Bd5 28. Bc4 f5 29. h3 g6 30. h4 h6 31. b4 cxb4+ 32. axb4 g5 33. hxg5 hxg5
34. Kd4 Bxc4 35. Kxc4 a6 36. Kb3 Kc6 37. Ka4 1/2-1/2

[Event "Challenge"]
[Site "http://www.queenalice.com/game.php?id=92362"]
[Date "2006.8.3"]
[Round "-"]
[White "Homedepotov"]
[Black "azaris"]
[Result "1-0"]
[WhiteElo "1755"]
[BlackElo "1759"]

1. e4 c5 2. Nf3 Nc6 3. d4 cxd4 4. Nxd4 Nf6 5. Nc3 e5 6. Ndb5 d6 7. Nd5 Nxd5 8.
exd5 Nb8 9. c4 Be7 10. Be2 a6 11. Nc3 f5 12. O-O O-O 13. f4 Nd7 14. Kh1 Bf6 15.
Qc2 exf4 16. Bxf4 Ne5 17. h3 g5 18. Bd2 f4 19. Ne4 Be7 20. Bc3 Bf5 21. Bxe5 dxe5
22. Bd3 Qd7 23. Rad1 Rac8 24. Nf2 b5 25. Bxf5 Rxf5 26. b3 bxc4 27. bxc4 Rf7 28.
Qe4 Bf6 29. Ng4 Re8 30. c5 1-0

[Event "QA-ANNIV-01"]
[Site "http://www.queenalice.com/game.php?id=106363"]
[Date "2006.9.15"]
[Round "5"]
[White "azaris"]
[Black "ketchuplover"]
[Result "0-1"]
[WhiteElo "1759"]
[BlackElo "1366"]

1. e4 Nf6 2. e5 Nd5 3. d4 d6 4. Nf3 h6 5. c4 Nb6 6. exd6 exd6 7. Be2 Be7 8. Nc3
Bf5 9. O-O N8d7 10. Be3 g5 11. h3 c6 12. b3 Qc7 13. a4 O-O-O 14. a5 Na8 15. Qd2
g4 16. hxg4 Bxg4 17. Rfc1 Rdg8 18. b4 h5 19. d5 Bxf3 20. Bxf3 Ne5 21. Be2 Qd7
22. Bxa7 Qh3 0-1